Correspondence and cultural exchange in Europe, 1400-1700

Αποθηκεύτηκε σε:
Λεπτομέρειες βιβλιογραφικής εγγραφής
Μορφή: Βιβλίο
Γλώσσα:English
Δημοσίευση: Cambridge; New York : Cambridge University Press, European Science Foundation, 2006-2007
Cambridge; New York : 2006-2007
Θέματα:
Ετικέτες: Προσθήκη ετικέτας
Δεν υπάρχουν, Καταχωρήστε ετικέτα πρώτοι!

MARC

LEADER 00000cam a2200000 i 4500
001 1/10836
008 101110s2007 eng d
008 101110s2007 eng d
020 |a 978-0-521-85553-2 (set) 
020 |a 978-0-521-84548-9 (hbk.) 
020 |a 0-521-84548-3 (τ.III) 
020 |a 978-0-521-85553-2 (set) 
020 |a 978-0-521-84549-6 (hbk.) 
020 |a 0-521-84549-1 (τ.IV) 
035 |l 10109178 
035 |l 10109181 
040 |a GR-MY-UA  |b gre  |e aacr 
040 |a GR-MY-UA  |b gre  |e aacr 
041 0 |a eng 
041 0 |a eng 
082 0 |a 940.2  |2 (22) 
082 0 |a 940.2  |2 (22) 
245 1 0 |a Correspondence and cultural exchange in Europe, 1400-1700 /  |c edited by Francisco Bethencourt and Florike Egmond 
245 1 0 |a Forging European identities, 1400-1700 /  |c edited by Herman Roodenburg ; with an introductory essay by Bernd Roeck 
260 |a Cambridge; New York :   |b Cambridge University Press,   |b European Science Foundation,   |c 2006-2007 
260 |a Cambridge; New York :   |b Cambridge University Press,   |b European Science Foundation,   |c 2006-2007 
300 |a xiii, 374 σ.;  |c 24 εκ. 
300 |a xxv, 439 σ.;  |c 24 εκ. 
500 |a Περιέχει βιβλιογραφία και ευρετήριο 
500 |a Σετ 4 τόμων: general editor Robert Muchembled; associate editor, William Monter 
500 |a Περιέχει βιβλιογραφία και ευρετήριο 
500 |a Σετ 4 τόμων: general editor Robert Muchembled; associate editor, William Monter 
650 0 0 |a European letters. 
650 0 0 |a Letter writing  |x Social aspects. 
650 0 0 |a Art, European  |x History. 
651 0 |a Europe  |x Religion. 
651 0 |a Europe  |x Civilization. 
651 0 |a Europe  |x Social conditions. 
700
700
700
700
774 1 |t Cultural exchange in early modern Europe 
774 1 |t Cultural exchange in early modern Europe 
901 |a BIBL1-2010-3 
901 |a BIBL1-2010-3 
909 |a Λ  |b 164947 
909 |a Λ  |b 164985 
970 |a ΤΖΑΦΕΡΗ  |b ΕΥΑΓΓΕΛΙΑ  |z 2010/11/10 
970 |a ΤΖΑΦΕΡΗ  |b ΕΥΑΓΓΕΛΙΑ  |z 2010/11/10